Statystyki dla Rzeki od A-Z

Kliknij tutaj aby rozwiązać quiz!

Ogólne statystyki

  • Ten quiz został rozwiązany 97 razy
  • Średni wynik to 15 z 22

Statystyki odpowiedzi

Odpowiedź% Poprawnych
WWisła | Warta | Wisłok | Wilga | Wieprz | Wisłoka | Wołga | Wełtawa | Wardar | Wag | Wolta | Worona
99%
OOdra | Ochotnica | Olszanka | Olza | Onego | Ob | Oka | Okawango | Orinoko | Ogowe
97%
AAmazonka | Amur | Arno | Arkansas | Alabama | Arauca | Adyga | Amu-daria | Araks
95%
NNarew | Nil | Nogat | Noteć | Nysa Łużycka | Nysa Kłodzka | Niemen | Niger | Newa | Nelson | Nil Błękitny
95%
DDunajec | Dunaj | Dniestr | Dźwina | Dniepr | Don | Doniec | Drin | Dżuba | Dyja | Dobrzyca | Dębnica | Drawa
83%
BBug | Bystrzyca | Boh | Beczwa | Benue | Berezyna | Biały Drin | Bzyp | Banny | Bani | Biebrza | Biała | Bystra | Bóbr
77%
MMArtwa Wisła | Motława | Młosina | Mogilica | Masłówka | Mszanka | Mackenzie | Mekong | Missisipi | Missouri | Men | Murray
77%
SSan | Skawa | Sajna | Skawinka | Skra | Sanica | Sawa | Sekwana | Senegal | Samina | Sabi
75%
TTanew | Tążyna | Troja | Trojanówka | Trzcianka | Tuja | Tygrys | Tamiza | Tyber | Thelon | Torne | Tocantins
75%
JJadkowa | Jamna | Jarka | Jeziorka | Juszka | Jangcy | Jukon | Jordan | Jałomica | Jari
73%
RRaba | Radew | Radęca | Radunia | Ropa | Ruda | Ren | Rio Grande | Rio Negro | Rodan
69%
KKłodnica | Krępiel | Kilsielina | Kurówka | Kamienica | Kongo | Kolorado | Kansas | Kasai | Kama | Kamczatka
65%
LLeszczka | Lipówka | Litwa | Liwiec | Lubaczówka | Luboczanka | Lena | Loara | Limpopo | Logon | Lempa | Luapula
65%
EElbląg | Elma | Eufrat | Ebro | Ems | Emba | Elstera | Ekawa
64%
GGwda | Głomia | Gnilec | Gołdapa | Grabowa | Gunica | Grabinka | Ganges | Gail | Gambia | Glomma | George | Guaviare
57%
IIna | Ilanka | Iłownica | Indus | Ibar | Irawadi | Izera | Irtysz | Issa
56%
PPilica | Piława | Pasłęka | Pęrznica | Prądnik | Plitnica | Paragwaj | Purus | Parana | Pamir | Pad | Peczora
53%
UUkleja | Unieść | Urzędówka | Uszwica | Urał | Uż | Usza | Ukajali | Ułła | Urugwaj
48%
ZZadrna | Zagożdżonka | Zbuczynka | Zdynia | Zgłowiączka | Złota | Zambezi | Zeja | Zbrucz | Zala | Zarafszan
43%
CChatanga | Cheta | Cisa | Czara | Czu | Coco | Czarny Dunajec | Czarna Hańcza | Cicha Woda | Czułym
41%
HHalicz | Hudson | Huang He | Hawela | Horton | Horyń | Holszanka
40%
FFryba | Fan | Fulda | Flint | Fly | Fraser | Finke | Fitzroy
19%

Rozkład punktacji

Percentyl według liczby udzielonych odpowiedzi

Procent ludzi z każdym wynikiem

Twoja historia wyników

Nie rozwiązałeś tego quizu